Lasy państwowe Białorusi - Mapa. Dziaržaŭnyja lesy Biełarusi - Mapa - Statystyki

Ogólne statystyki
  • Ten quiz został rozwiązany 3 razy
  • Średni wynik to 2 z 13
Odpowiedzi na mapie
Odpowiedzi zakodowano w zielono-czerwonej skali na mapie do tego quizu, zgodnie z poniższymi procentami.
 
Statystyki odpowiedzi
Odpowiedź / Adkaz % Poprawnych
Puszcza Białowieska / Biełaviežskaja pušča
67%
Brasław / Brasłau
33%
Naroczański / Naračanski
33%
Prypećki / Prypiacki
33%
Borsuki / Barsuki
0%
Jeziora Brasławskie / Braslaŭskija aziory
0%
Krasnoselskie / Krasnasielskaje
0%
Laskowicze / Laskavičy
0%
Miadel / Miadziel
0%
Rezerwat Biosfery Bereziński / Biarezinski Bijasfierny Zapaviednik
0%
Szereszewo / Šarašova
0%
Teteryńskie / Ciacierynskaje
0%
Wygonowskie / Vyhanaŭskaje
0%
Nie znaleziono quizów pasujących do podanych kryteriów
Rozkład punktacji
Procent ludzi z każdym wynikiem
Percentyl według liczby udzielonych odpowiedzi
Twoja historia wyników
Nie rozwiązałeś tego quizu